|
|
|
|
| LEADER |
01167nam a2200301 a 4500 |
| 001 |
18969 |
| 003 |
BD-DhAAL |
| 005 |
20230608124850.0 |
| 008 |
090812s1994 inu b s001 0 eng d |
| 010 |
|
|
|a 93028611
|
| 020 |
|
|
|a 0253326869 (alk. paper)
|
| 020 |
|
|
|a 0253208629 (pbk. : alk. paper)
|
| 040 |
|
|
|a DLC
|c DLC
|d DLC
|d BD-DhAAL
|
| 082 |
0 |
0 |
|a 305.42/01
|2 20
|
| 100 |
1 |
|
|a Grosz, E. A.
|q (Elizabeth A.)
|9 54557
|
| 245 |
1 |
0 |
|a Volatile bodies :
|b toward a corporeal feminism /
|c Elizabeth Grosz.
|
| 260 |
|
|
|a Bloomington :
|b Indiana University Press,
|c c1994.
|
| 300 |
|
|
|a xvi, 250 pages ;
|c 24 cm.
|
| 490 |
0 |
|
|a Theories of representation and difference
|
| 504 |
|
|
|a Includes bibliographical references (p. 229-245) and index.
|
| 541 |
1 |
|
|e 00018969
|
| 650 |
|
0 |
|a Feminist theory.
|
| 650 |
|
0 |
|a Human body
|x Social aspects.
|9 8589
|
| 650 |
|
0 |
|a Gender identity.
|
| 852 |
4 |
|
|a BRAC Institute of Governance and Development (BIGD)
|j General Stacks
|
| 942 |
|
|
|2 ddc
|c BK
|
| 999 |
|
|
|c 3067
|d 3067
|
| 952 |
|
|
|0 0
|1 0
|2 ddc
|4 0
|6 305_420000000000000_01_GRO
|7 0
|9 2780
|a BIGD
|b BIGD
|c GEN
|d 2009-08-30
|l 0
|o 305.4201 GRO
|p 3050018969
|r 2009-08-30
|t 1
|w 2009-08-30
|y BK
|x Transfer from BDI to BIGD.
|